Garden of life: An introduction to the healing plants of India (Record no. 40781)

MARC details
000 -LEADER
fixed length control field 00464nam a2200169Ia 4500
082 ## - DEWEY DECIMAL CLASSIFICATION NUMBER
Classification number 58/581
Item number PAT
100 ## - MAIN ENTRY--AUTHOR NAME
Personal name Patnaik, Naveen
245 #0 - TITLE STATEMENT
Title Garden of life: An introduction to the healing plants of India
260 ## - PUBLICATION, DISTRIBUTION, ETC. (IMPRINT)
Place of publication London
Name of publisher Aquarian
Year of publication 1993
650 ## - SUBJECT ADDED ENTRY--TOPICAL TERM
Topical Term Aromatic plants
650 ## - SUBJECT ADDED ENTRY--TOPICAL TERM
Topical Term Cosmetic plants
650 ## - SUBJECT ADDED ENTRY--TOPICAL TERM
Topical Term Culinary plants
650 ## - SUBJECT ADDED ENTRY--TOPICAL TERM
Topical Term Medicinal plants
650 ## - SUBJECT ADDED ENTRY--TOPICAL TERM
Topical Term Sacred plants
942 ## - ADDED ENTRY ELEMENTS (KOHA)
Koha item type Books
Holdings
Withdrawn status Lost status Damaged status Not for loan Home library Current library Date acquired Cost, normal purchase price Full call number Accession Number Koha item type
        RRII Library RRII Library 16/12/2021 295.00 58/581 PAT 21076 Books